| 000 | 00461nam a2200169Ia 4500 | ||
|---|---|---|---|
| 003 | IN-BaIIA | ||
| 008 | 211028s9999 xx 000 0 eng d | ||
| 040 | _cIIA Library | ||
| 080 |
_a521.1 _bRYA |
||
| 100 |
_aRyabov, Y _95691 |
||
| 245 | 3 |
_aAn elementary of celestial mechanics _cRyabov, Y |
|
| 260 |
_aNew York _bDover Publications _c1959 |
||
| 300 | _a164p. | ||
| 650 | _aAstronomy and astrophysics thesaurus | ||
| 650 | _aCelestial mechanics | ||
| 942 | _cBK | ||
| 999 |
_c3205 _d3205 |
||